000 00542nam a2200181Ia 4500
008 090124s9999 xx 000 0 und d
082 _b46899
100 _aपवार डॉ. सुधाकर
245 _a संवादशास्त्र
250 _a2
260 _c2006
300 _a129
600 _aपवार डॉ. सुधाकर
630 _a संवादशास्त्र
700 _aपवार डॉ. सुधाकर
730 _a संवादशास्त्र
942 _cBOOK
999 _c113122
_d113122